[Event "NOR-chB"]
[Site "Oslo"]
[Date "2023.07.03"]
[Round "3"]
[White "Larsen, Tor Ketil"]
[Black "Sidselrud, Steinar"]
[Result "0-1"]
[WhiteElo "1933"]
[BlackElo "1979"]
[PlyCount "68"]
[EventDate "2023.06.30"]
[EventType "swiss"]
[EventRounds "9"]
[EventCountry "NOR"]
[SourceTitle "EXT 2024"]
[Source "ChessBase"]
[SourceDate "2023.10.10"]
[SourceVersion "1"]
[SourceVersionDate "2023.10.10"]
[SourceQuality "1"]

1. e4 d6 2. f4 g6 3. Nf3 Bg7 4. Nc3 Nf6 5. h3 c5 6. d3 Nc6 7. g4 h5 8. g5 Nd7 9. Nh4 0-0 10. Be2 Nd4 11. Bxh5 gxh5 12. Qxh5 Re8 13. Be3 Nxc2+ 14. Kd2 Nxe3 15. Kxe3 Nf8 16. f5 c4 17. Nd5 Nd7 18. Raf1 Nb6 19. Nf4 cxd3 20. Ne6 Nc4+ 21. Kxd3 Ne5+ 22. Kc2 Bxe6 23. fxe6 Qc8+ 24. Kb1 Qxe6 25. Nf5 Ng6 26. Qg4 Qe5 27. Nh6+ Kh7 28. Rf2 Bxh6 29. gxh6 f6 30. Rf5 Qe6 31. Rg1 Rg8 32. Qe2 d5 33. Rxd5 Nf4 34. Qc2 Rxg1+ 0-1

[Event "Budapest FS12 FM-A"]
[Site "Budapest"]
[Date "2015.12.09"]
[Round "5"]
[White "Larsen, Tor Ketil"]
[Black "Gara, Gyorgy"]
[Result "1/2-1/2"]
[WhiteElo "1981"]
[BlackElo "2099"]
[PlyCount "58"]
[EventDate "2015.12.05"]
[EventType "tourn"]
[EventRounds "10"]
[EventCountry "HUN"]
[SourceTitle "EXT 2017"]
[Source "ChessBase"]
[SourceDate "2016.10.25"]
[SourceVersion "1"]
[SourceVersionDate "2016.10.25"]
[SourceQuality "1"]

1. e4 e6 2. d4 d5 3. Bd3 c5 4. c3 Nc6 5. Ne2 Bd7 6. 0-0 dxe4 7. Bxe4 Nf6 8. Bf3 h6 9. Be3 Qb6 10. Nd2 Nd5 11. Bxd5 exd5 12. dxc5 Bxc5 13. Bxc5 Qxc5 14. Nb3 Qc4 15. Ned4 0-0 16. f4 Rfe8 17. Qd2 a5 18. Qf2 a4 19. Nd2 Qd3 20. N2f3 Nxd4 21. Nxd4 a3 22. Nf3 Qe3 23. Ne5 Qxf2+ 24. Rxf2 Bf5 25. bxa3 Rxa3 26. Rb2 f6 27. Nf3 Rea8 28. Nd4 Be4 29. Nb5 R3a4 1/2-1/2

[Event "Budapest FS12 FM-A"]
[Site "Budapest"]
[Date "2015.12.08"]
[Round "4"]
[White "Bensaid, Simon"]
[Black "Larsen, Tor Ketil"]
[Result "0-1"]
[WhiteElo "1804"]
[BlackElo "1981"]
[PlyCount "56"]
[EventDate "2015.12.05"]
[EventType "tourn"]
[EventRounds "10"]
[EventCountry "HUN"]
[SourceTitle "EXT 2017"]
[Source "ChessBase"]
[SourceDate "2016.10.25"]
[SourceVersion "1"]
[SourceVersionDate "2016.10.25"]
[SourceQuality "1"]

1. e4 d5 2. exd5 Qxd5 3. Nc3 Qd6 4. d4 Nf6 5. Nf3 a6 6. g3 b5 7. Bg2 Bb7 8. 0-0 e6 9. Ne5 Bxg2 10. Kxg2 Nbd7 11. Qf3 Rb8 12. Bf4 Qb6 13. Nc6 Rc8 14. d5 Bd6 15. Rfe1 0-0 16. Bxd6 cxd6 17. Ne7+ Kh8 18. Nxc8 Rxc8 19. dxe6 fxe6 20. Rxe6 Ne5 21. Qd1 Nfg4 22. Qe2 Qb7+ 23. f3 Qd7 24. Rxe5 Nxe5 25. Rd1 Nc4 26. Nd5 Re8 27. Qd3 Nxb2 28. Qd2 Nxd1 0-1

[Event "Benidorm op U2300 12th"]
[Site "Benidorm"]
[Date "2013.12.03"]
[Round "6"]
[White "Fernandez Rubio, Rafael"]
[Black "Larsen, Tor Ketil"]
[Result "0-1"]
[WhiteElo "2072"]
[BlackElo "1980"]
[PlyCount "51"]
[EventDate "2013.11.29"]
[EventType "swiss"]
[EventRounds "10"]
[EventCountry "ESP"]
[SourceTitle "CBM 157 Extra"]
[Source "ChessBase"]
[SourceDate "2013.12.19"]
[SourceVersion "1"]
[SourceVersionDate "2013.12.19"]
[SourceQuality "1"]

1. e4 d6 2. d4 g6 3. f4 Bg7 4. Nf3 Nf6 5. Bd3 0-0 6. 0-0 Bg4 7. h3 Bxf3 8. Qxf3 c6 9. e5 Nd5 10. a3 Qb6 11. Qe4 Nd7 12. Kh1 Nc7 13. c3 c5 14. b4 cxd4 15. cxd4 d5 16. Qe3 f6 17. Bd2 Ne6 18. f5 Nxd4 19. fxg6 fxe5 20. Rxf8+ Rxf8 21. gxh7+ Kh8 22. Qg5 e4 23. Qxe7 Qe6 24. Qxe6 Nxe6 25. Bb5 Bxa1 26. Bxd7 0-1

[Event "Benidorm op U2300 12th"]
[Site "Benidorm"]
[Date "2013.12.01"]
[Round "3"]
[White "Sanchez Dengra, Jose Maria"]
[Black "Larsen, Tor Ketil"]
[Result "1-0"]
[WhiteElo "2109"]
[BlackElo "1980"]
[PlyCount "47"]
[EventDate "2013.11.29"]
[EventType "swiss"]
[EventRounds "10"]
[EventCountry "ESP"]
[SourceTitle "CBM 157 Extra"]
[Source "ChessBase"]
[SourceDate "2013.12.19"]
[SourceVersion "1"]
[SourceVersionDate "2013.12.19"]
[SourceQuality "1"]

1. e4 g6 2. d4 Bg7 3. Nc3 d6 4. f4 Nf6 5. Bd3 Na6 6. Nf3 c5 7. e5 dxe5 8. dxe5 Ng4 9. h3 Nh6 10. Be3 Nf5 11. Bf2 Qa5 12. Bb5+ Kf8 13. g4 Nh6 14. Bxa6 bxa6 15. Qd5 Rb8 16. Qxc5 Qb6 17. Qxc8+ Rxc8 18. Bxb6 axb6 19. 0-0-0 f6 20. e6 f5 21. g5 Bxc3 22. bxc3 Rxc3 23. gxh6 Ke8 24. Ng5 1-0

[Event "Politiken Cup 32nd"]
[Site "Copenhagen"]
[Date "2010.08.07"]
[Round "9"]
[White "Larsen, Tor Ketil"]
[Black "Satre, Roger"]
[Result "0-1"]
[WhiteElo "2022"]
[BlackElo "1801"]
[PlyCount "59"]
[EventDate "2010.07.31"]
[EventType "swiss"]
[EventRounds "10"]
[EventCountry "DEN"]
[SourceTitle "CBM 137 Extra"]
[Source "ChessBase"]
[SourceDate "2010.09.01"]
[SourceVersion "1"]
[SourceVersionDate "2010.09.01"]
[SourceQuality "1"]

1. e4 e6 2. d4 d5 3. Nd2 c5 4. Ngf3 cxd4 5. exd5 Qxd5 6. Bc4 Qd6 7. 0-0 Nc6 8. Nb3 Nf6 9. Nfxd4 Nxd4 10. Nxd4 a6 11. a4 Be7 12. b3 0-0 13. Bb2 Nd7 14. Ba3 Nc5 15. c3 Qc7 16. Qh5 Ne4 17. Bxe7 Qxe7 18. Rfe1 Nf6 19. Qg5 h6 20. Qg3 Nh5 21. Qf3 Qg5 22. Re4 Nf6 23. Re2 e5 24. h4 Qxh4 25. Rxe5 Ng4 26. Bxf7+ Kh8 27. Qf4 g5 28. Qf3 Qh2+ 29. Kf1 Qxe5 30. Qh3 0-1

[Event "Politiken Cup 32nd"]
[Site "Copenhagen"]
[Date "2010.08.06"]
[Round "8"]
[White "Thomsen, Peter"]
[Black "Larsen, Tor Ketil"]
[Result "1-0"]
[WhiteElo "1871"]
[BlackElo "2022"]
[PlyCount "75"]
[EventDate "2010.07.31"]
[EventType "swiss"]
[EventRounds "10"]
[EventCountry "DEN"]
[SourceTitle "CBM 137 Extra"]
[Source "ChessBase"]
[SourceDate "2010.09.01"]
[SourceVersion "1"]
[SourceVersionDate "2010.09.01"]
[SourceQuality "1"]

1. e4 d6 2. d4 Nf6 3. Nc3 g6 4. h3 c6 5. Be3 Bg7 6. Qd2 0-0 7. f4 e5 8. Nge2 exf4 9. Bxf4 Re8 10. Ng3 Nxe4 11. Ncxe4 f5 12. Bc4+ d5 13. Bb3 fxe4 14. 0-0 a5 15. Bg5 Qc7 16. Bf4 Qb6 17. c3 Nd7 18. Bh6 a4 19. Bxg7 e3 20. Qe2 Kxg7 21. Bc2 Qd8 22. Rf4 b6 23. Raf1 Ba6 24. Rf7+ Kg8 25. Qg4 Nf8 26. R1f6 Bc8 27. Rxf8+ Rxf8 28. Rxg6+ Kh8 29. Qh5 Ra7 30. Qe5+ Rf6 31. Rxf6 Kg8 32. Qg5+ Rg7 33. Bxh7+ Kh8 34. Qh6 Qe7 35. Bf5+ Kg8 36. Bxc8 Rh7 37. Be6+ Qxe6 38. Rf8# 1-0

[Event "Politiken Cup 32nd"]
[Site "Copenhagen"]
[Date "2010.08.05"]
[Round "7"]
[White "Larsen, Tor Ketil"]
[Black "Rasmussen, Henning Lau"]
[Result "1/2-1/2"]
[WhiteElo "2022"]
[BlackElo "1867"]
[PlyCount "51"]
[EventDate "2010.07.31"]
[EventType "swiss"]
[EventRounds "10"]
[EventCountry "DEN"]
[SourceTitle "CBM 137 Extra"]
[Source "ChessBase"]
[SourceDate "2010.09.01"]
[SourceVersion "1"]
[SourceVersionDate "2010.09.01"]
[SourceQuality "1"]

1. e4 e6 2. d4 d5 3. Nd2 c5 4. Ngf3 cxd4 5. e5 Nc6 6. Nb3 Bb4+ 7. Bd2 Bxd2+ 8. Qxd2 Nge7 9. Nbxd4 Nxd4 10. Qxd4 Bd7 11. Bd3 Qb6 12. Qxb6 axb6 13. 0-0 Nc6 14. a3 Ke7 15. Rfe1 h6 16. h4 b5 17. c3 Rhc8 18. Nd4 Nxd4 19. cxd4 Ra4 20. Rec1 Rxc1+ 21. Rxc1 Rxd4 22. Rc3 b4 23. Rb3 bxa3 24. bxa3 Bc6 25. g3 g6 26. Bb5 1/2-1/2

[Event "Politiken Cup 32nd"]
[Site "Copenhagen"]
[Date "2010.08.02"]
[Round "4"]
[White "Tallaksen, Levi Andre"]
[Black "Larsen, Tor Ketil"]
[Result "1-0"]
[WhiteElo "2177"]
[BlackElo "2022"]
[PlyCount "79"]
[EventDate "2010.07.31"]
[EventType "swiss"]
[EventRounds "10"]
[EventCountry "DEN"]
[SourceTitle "CBM 137 Extra"]
[Source "ChessBase"]
[SourceDate "2010.09.01"]
[SourceVersion "1"]
[SourceVersionDate "2010.09.01"]
[SourceQuality "1"]

1. d4 Nf6 2. Nf3 c5 3. e3 g6 4. Bd3 Bg7 5. Nbd2 b6 6. Qe2 Bb7 7. 0-0 0-0 8. c3 d6 9. e4 cxd4 10. cxd4 e6 11. e5 Nd5 12. Nc4 dxe5 13. dxe5 Nb4 14. Be4 Bxe4 15. Qxe4 Qd5 16. Qh4 Qd8 17. Bg5 f6 18. exf6 Bxf6 19. Nxb6 axb6 20. Bxf6 Rxf6 21. Qxb4 Na6 22. Qc3 Rc8 23. Rad1 Qf8 24. Qe3 Rc5 25. Ne5 Nb8 26. b4 Rd5 27. Ng4 Rxd1 28. Nxf6+ Qxf6 29. Rxd1 Nd7 30. Qd4 Ne5 31. f4 Ng4 32. Qxf6 Nxf6 33. Rd6 Nd5 34. Rxd5 exd5 35. a4 Kf7 36. a5 bxa5 37. bxa5 d4 38. a6 d3 39. Kf2 Ke6 40. a7 1-0

[Event "Politiken Cup 32nd"]
[Site "Copenhagen"]
[Date "2010.08.01"]
[Round "2"]
[White "Dyrgaard, Kristoffer"]
[Black "Larsen, Tor Ketil"]
[Result "1-0"]
[WhiteElo "2254"]
[BlackElo "2022"]
[PlyCount "75"]
[EventDate "2010.07.31"]
[EventType "swiss"]
[EventRounds "10"]
[EventCountry "DEN"]
[SourceTitle "CBM 137 Extra"]
[Source "ChessBase"]
[SourceDate "2010.09.01"]
[SourceVersion "1"]
[SourceVersionDate "2010.09.01"]
[SourceQuality "1"]

1. e4 d6 2. d4 Nf6 3. Nc3 g6 4. Be3 Bg7 5. h4 c6 6. h5 Nxh5 7. Qd2 Kd7 8. Nh3 Kc7 9. Be2 Bxh3 10. Rxh3 Nf6 11. 0-0-0 h5 12. f4 Ng4 13. Kb1 Nxe3 14. Qxe3 Nd7 15. e5 Nb6 16. d5 Rc8 17. dxc6 bxc6 18. Ba6 Rb8 19. a4 Qd7 20. Ne4 Qg4 21. Be2 Nc4 22. Qxa7+ Rb7 23. exd6+ exd6 24. Qxb7+ Kxb7 25. Bxg4 hxg4 26. Rxh8 Bxh8 27. Nxd6+ Nxd6 28. Rxd6 Kc7 29. Rd3 Bg7 30. b4 Bf8 31. b5 c5 32. g3 Be7 33. a5 Bf6 34. Kc1 c4 35. Rd5 Bc3 36. a6 Be1 37. a7 Kb7 38. Rd7+ 1-0

[Event "NOR-chB"]
[Site "Stavanger"]
[Date "2005.07.02"]
[Round "1"]
[White "Edvardsen, Ragnar"]
[Black "Larsen, Tor Ketil"]
[Result "1/2-1/2"]
[WhiteElo "1836"]
[BlackElo "1713"]
[PlyCount "56"]
[EventDate "2005.07.01"]
[EventType "swiss"]
[EventRounds "9"]
[EventCountry "NOR"]
[SourceTitle "CBM 107 Extra"]
[Source "ChessBase"]
[SourceDate "2005.09.01"]
[SourceVersion "1"]
[SourceVersionDate "2005.09.01"]
[SourceQuality "1"]

1. e4 c5 2. Nf3 Nc6 3. Bb5 e6 4. 0-0 Nf6 5. Re1 a6 6. Bf1 Qc7 7. b3 Be7 8. Bb2 0-0 9. d3 Ng4 10. Nbd2 f5 11. exf5 Rxf5 12. g3 d5 13. Qe2 h5 14. h3 Nh6 15. Bg2 Bd7 16. Ne5 Nxe5 17. Bxe5 Bd6 18. Bxd6 Qxd6 19. Nf3 Raf8 20. Rf1 g5 21. Rae1 b5 22. Ne5 Be8 23. Bf3 Kg7 24. Bg2 Qc7 25. g4 hxg4 26. Nxg4 Nxg4 27. Qxg4 Bd7 28. h4 Qd8 1/2-1/2